| 000 | 02905nab a2200325 i 4500 | ||
|---|---|---|---|
| 003 | BR-BrBNA | ||
| 005 | 20240207152904.0 | ||
| 008 | 240207b2023 bl.ar|pooa||| 00| 0 eng | | ||
| 040 |
_aBR-BrBNA _beng |
||
| 072 |
_aF30 _b0329 |
||
| 072 | _aF60 | ||
| 100 | _aRosmaninho, Lucas Barbosa de Castro | ||
| 100 | _aDias, Luiz Antônio dos Santos | ||
| 100 | _aBenjamin, Carolina dos Santos | ||
| 100 | _aSilva, Martha Freire da | ||
| 245 | _aGenetic parameters of morpho-agronomic and physiological traits of crambe genotypes under drought conditions | ||
| 500 | _aPublicação online; 30 ref.; 9 tables; 4 illus.; Summary (En) | ||
| 520 | _a ABSTRACT - This work aims at evaluating and discriminating crambe genotypes regarding tolerance to water defi cit by means of morpho-agronomic and physiological traits. The trial was carried out in a greenhouse under a randomized complete block design with four blocks, in a 2 x 8 factorial scheme, being two environments (with and without stress) and eight genotypes (FMS CR 1101, FMS CR 1106, FMS CR 1203, FMS CR 1305, FMS CR 1307, FMS CR 1312 and FMS CR 1326 and cultivar FMS Brilhante). The genotypes were evaluated according to physiological and morpho-agronomic traits. The signifi cance of the mean squares was tested by the F test (P < 0.05) and the genetic parameters were estimated as ratio b between the genetic (CVg) and experimental (CVe) coefficients of variation, broad-sense heritability at genotypic mean level ( ˆ2 hm), intraclass correlation (r) and selective accuracy (Ac). In general, water defi cit did not cause severe physiological limitations to the plants. Plant height (PH), total dry mass (TDM) and grain yield (GY) were the traits that stood out for presenting the highest estimates of ratio b, ˆ2 hm, CVg and r, revealing the possibility of genetic gains with the selection. Nevertheless, after evaluating the performance of genotypes in terms of physiological and morpho-agronomic traits, it was concluded that cultivar FMS Brilhante and inbred lines FMS CR 1326 and FMS CR 1106 had the most favorable traits for the selection, therefore, presenting potential for water defi cit tolerance. Key words: Agroenergy. Crambe abyssinca Hostch. Gas exchanges. Plant breeding. Water deficit. | ||
| 650 | _aPLANTA OLEAGINOSA | ||
| 650 | _aDEFICIÊNCIA HÍDRICA | ||
| 650 | _aTROCA GASOSA | ||
| 650 | _aFISIOLOGIA VEGETAL | ||
| 650 | _aGENÓTIPO | ||
| 650 | _aPARÂMETRO GENÉTICO | ||
| 650 | _aMELHORAMENTO VEGETAL | ||
| 773 | 0 |
_04290 _9275636 _dFortaleza-CE Universidade Federal do Ceará. Centro de Ciências Agrárias 2002 _o2023-437436 _tRevista Ciência Agronômica (Brazil) _x0045-6888; 1806-6690 (on-line) _gv. 54 p. 1-13; (2023) _wBR2023002364 |
|
| 856 | _uhttps://www.scielo.br/j/rca/a/TgSPFNTXCqPNz8kfYQfFP7r/?format=pdf&lang=en | ||
| 942 | _cAnalítica | ||
| 999 |
_c298468 _d298468 |
||